<?xml version="1.0" encoding="UTF-8"?>
<collection xmlns="http://www.loc.gov/MARC21/slim">
 <record>
  <leader>00667pamaa2200157   4500</leader>
  <controlfield tag="001">0000024621</controlfield>
  <controlfield tag="005">20090909090000.0</controlfield>
  <datafield tag="020" ind1="0" ind2="0">
   <subfield code="a">[nil] </subfield>
  </datafield>
  <datafield tag="090" ind1="0" ind2="0">
   <subfield code="a">QA76.575 </subfield>
   <subfield code="b">MIC 1998</subfield>
  </datafield>
  <datafield tag="100" ind1="1" ind2="0">
   <subfield code="a">Microsoft Corporation </subfield>
  </datafield>
  <datafield tag="245" ind1="1" ind2="0">
   <subfield code="a">Microsoft proxy 2.0 training  </subfield>
   <subfield code="c">Microsoft Corporation.</subfield>
  </datafield>
  <datafield tag="260" ind1="0" ind2="0">
   <subfield code="a">Washington: </subfield>
   <subfield code="b">Microsoft Press, </subfield>
   <subfield code="c">1998.</subfield>
  </datafield>
  <datafield tag="300" ind1=" " ind2=" ">
   <subfield code="a">xxx, 280p.: </subfield>
   <subfield code="b">ill.; </subfield>
   <subfield code="c">23cm.</subfield>
  </datafield>
  <datafield tag="500" ind1="0" ind2="0">
   <subfield code="a">A set of training kit  and includes 3 CD-ROM and its accompany with a book title &quot;Microsoft internet information server 4.0 training&quot;. The box titled for this set is &quot; Microsoft internet information server training kit&quot;.</subfield>
  </datafield>
  <datafield tag="650" ind1="0" ind2="0">
   <subfield code="a">Operating systems (Computer) </subfield>
  </datafield>
  <datafield tag="650" ind1="0" ind2="0">
   <subfield code="a">Microsoft windows NT </subfield>
  </datafield>
 </record>
</collection>
